00708nam a2200241 a 4500001001300000003000900013005001700022008004100039020001000080082001700090100002900107245003300136260003600169300000900205500003500214505001000249650003300259700002900292902000800321942000700329952011700336999001300453nice12345678IN_TiNIC20260116011308.0050524s1905 cala grp 000 0 eng  ac10000a915.404bTAV aTavernier, Jean Baptiste aTavernier`s Travels in India aCalcuttabBangabasi Officc1905 a506p aincludes index and biblioraphy2 aIndex aIndia-Travel and Description1 aTavernier, Jean Baptiste bSRS cBK 001040708StackRoom-aHMIbHMId2007-06-05g100.00l0o915.404 TAVp00897r2007-06-05v100.00w2005-05-24yBK c259d259